Power through prayer / (Record no. 8748)
[ view plain ]
| 000 -LEADER | |
|---|---|
| fixed length control field | 01159nam a22002177a 4500 |
| 003 - CONTROL NUMBER IDENTIFIER | |
| control field | GBCCL |
| 005 - DATE AND TIME OF LATEST TRANSACTION | |
| control field | 20241126110657.0 |
| 008 - FIXED-LENGTH DATA ELEMENTS--GENERAL INFORMATION | |
| fixed length control field | 210927b ||||| |||| 00| 0 eng d |
| 020 ## - INTERNATIONAL STANDARD BOOK NUMBER | |
| International Standard Book Number | 0802467229 |
| 020 ## - INTERNATIONAL STANDARD BOOK NUMBER | |
| International Standard Book Number | 9780802467225 |
| 040 ## - CATALOGING SOURCE | |
| Transcribing agency | GBC |
| 082 ## - DEWEY DECIMAL CLASSIFICATION NUMBER | |
| Classification number | 248.32 |
| Item number | BOU |
| 100 ## - MAIN ENTRY--PERSONAL NAME | |
| Personal name | Bounds, E.M. |
| 9 (RLIN) | 7365 |
| 245 ## - TITLE STATEMENT | |
| Title | Power through prayer / |
| Statement of responsibility, etc. | E.M. Bounds. |
| 260 ## - PUBLICATION, DISTRIBUTION, ETC. | |
| Place of publication, distribution, etc. | Chicago : |
| Name of publisher, distributor, etc. | Moody Press, |
| Date of publication, distribution, etc. | 1979. |
| 300 ## - PHYSICAL DESCRIPTION | |
| Extent | 128 pages ; 18 cm |
| 505 ## - FORMATTED CONTENTS NOTE | |
| Formatted contents note | Prayer is man's noblest exercise and the key to a dynamic Christian life. Twelve chapters open with pointed quotes from men of prayer -- McCheyne, Wesley, Edwards, Spurgeon, Penn, and others. And each chapter provides helpful methods and suggestions for getting results from God through the power of prayer. - Back cover. |
| 505 ## - FORMATTED CONTENTS NOTE | |
| Formatted contents note | The divine channel of power --<br/>Our sufficiency is of God --<br/>Man's noblest exercise --<br/>Talking to God for men --<br/>How to get results for God --<br/>Great men of prayer --<br/>Early will I seek thee --<br/>The secret of power --<br/>Power through prayers --<br/>Under the dew of heaven --<br/>The example of the Apostles --<br/>What God would have. |
| 650 ## - SUBJECT ADDED ENTRY--TOPICAL TERM | |
| Topical term or geographic name entry element | Prayer. |
| 9 (RLIN) | 332 |
| 942 ## - ADDED ENTRY ELEMENTS (KOHA) | |
| Source of classification or shelving scheme | Dewey Decimal Classification |
| Koha item type | Books |
| Koha issues (borrowed), all copies | 3 |
| Withdrawn status | Lost status | Source of classification or shelving scheme | Damaged status | Not for loan | Home library | Current Library | Shelving location | Date acquired | Total checkouts | Full call number | Barcode | Date last seen | Date last checked out | Copy number | Price effective from | Koha item type |
|---|---|---|---|---|---|---|---|---|---|---|---|---|---|---|---|---|
| Dewey Decimal Classification | GRACE BIBLE COLLEGE | GRACE BIBLE COLLEGE | Ministry & Mission | 2021-09-27 | 3 | 248.32 BOU | 004836 | 2025-05-01 | 2022-09-06 | c.1 | 2021-09-27 | Books |